Los centros de interés en la escuela
Gespeichert in:
| 1. Verfasser: | |
|---|---|
| Format: | Buch |
| Sprache: | Spanisch |
| Veröffentlicht: |
Buenos Aires
Losada
1949
|
| Schriftenreihe: | La escuela activa
|
| Schlagworte: | |
| Tags: |
Tag hinzufügen
Keine Tags, Fügen Sie den ersten Tag hinzu!
|
MARC
| LEADER | 00000nam a2200000 a 4500 | ||
|---|---|---|---|
| 001 | UCX9884 | ||
| 003 | CL-VaPUC | ||
| 008 | 940701e19490000AG |||||||||||||||||spa|d | ||
| 082 | 0 | 4 | |a 371.39 |b GUI |2 21 |
| 100 | |a Guillén de Rezzano, Clotilde |e author |9 374252 | ||
| 245 | 1 | 4 | |a Los centros de interés en la escuela |
| 300 | |a 189 p | ||
| 942 | |c BK | ||
| 945 | |d 19940701 00:00:00 |a rbrito | ||
| 260 | |a Buenos Aires |b Losada |c 1949 | ||
| 650 | 7 | |a METODOS EDUCATIVOS |2 CL-VaPUC |9 327403 | |
| 583 | |a last modification |c 19940701 00:00:00 |k Rodrigo Vera | ||
| 490 | 0 | |a La escuela activa | |
| 999 | |c 229010 |d 229008 | ||
| 952 | |0 0 |1 0 |4 0 |6 371_390000000000000_GUI_1949 |7 0 |8 P |9 229536 |a BIBEDU |b BIBEDU |c BIBEDU_PB |d 2019-11-15 |i 2987554 |o 371.39 GUI 1949 |p 2987554 |r 2024-01-25 |w 2019-11-15 |y BK |k EDU | ||